01280nam a22002657a 450000100060000000300080000600500170001400800410003103500190007204000350009104100080012608200260013410000260016024502280018626000970041430000370051150201030054850400340065165000520068570000490073770000500078694200130083699900170084995201480086682919BD-RjUL20240201171825.0240201s2018 bg a|||| m||| 00| 0 eng d a(BD-RjUL)82919 aBD-RjULbengcBD-RjULdBD-RjUL aeng 223a631.875bAKB 2018 aAkter, Ferdous91137910aBioreactor assisted large scale production of trichoderma harzianum (RIFAI) for composting of crop residues as organic manures /cFerdous, Akter ;6Principal Supervisor : M. Firoz Alam, Co-Supervisor : Md. Giush Uddin Ahmed aRajshahi :bDepartment of Agronomy and Agricultural Extension, University of Rajshahi,c2018 axx, 179 leaves :bill, ;c29.cm. aThesis (Ph. D.) -- Department of Agronomy and Agricultural Extension, University of Rajshahi, 2018 aReferences : Leaves 145 - 179 aCompostvSpecific techniques : materials911380 aAlam, M. Firoz, Principal Supervisor 911381 aAhmed, Md. Giush Uddin, Co-Supervisor 911382 2ddccTHE c82919d82919 102ddc40718THESESaRUCLbRUCLcDoc/Thed2019-04-30eController of Exam. R. U.l0oTHE 631.875 AKB 2018pD4269r2024-02-01 00:00:00tC-1yTHE